000 00557nam a22002177a 4500
003 UA-OsUOA
001 53553
007 ta
008 20151030b un ||||| |||| 00| 0 ukr d
090 _a09.-050
_bП78
942 _cMG
040 _aUA-OsUOA
_bukr
_cUA-OsUOA
_dUA-OsUOA
245 _aПровідник: календар канадійских українців
955 _a4
041 _aukr
080 _a09.-050
260 _aВінніпег
310 _a1936
650 7 _a0 Загальний відділ.
_2UDC
999 _c433647
_d433647